Interior point techniques in optimization : complementarity, sensitivity, and algorithms /
Wedi'i Gadw mewn:
| Prif Awdur: | |
|---|---|
| Fformat: | Sách giấy |
| Cyhoeddwyd: |
Dordrecht ; Boston :
Kluwer Academic,
c1997.
|
| Cyfres: | Applied optimization ;
v. 6 |
| Pynciau: | |
| Mynediad Ar-lein: | Table of contents only Publisher description |
| Tagiau: |
Ychwanegu Tag
Dim Tagiau, Byddwch y cyntaf i dagio'r cofnod hwn!
|
| Thư viện lưu trữ: | Thư viện Trường Đại học Đà Lạt |
|---|
| LEADER | 01276nam a2200385 4500 | ||
|---|---|---|---|
| 001 | DLU110127486 | ||
| 005 | ##20111103 | ||
| 008 | ##970102s1997 ne b 001 0 eng | ||
| 010 | # | # | |a 97001924 |
| 020 | # | # | |a 0792344308 (alk. paper) |
| 035 | # | # | |9 (DLC) 97001924 |
| 040 | # | # | |a DLC |c DLC |d DLC |
| 082 | # | # | |a 519.7 |b JA-B |
| 100 | # | # | |a Jansen, Benjamin. |
| 245 | # | # | |a Interior point techniques in optimization : |b complementarity, sensitivity, and algorithms / |c by Benjamin Jansen. |
| 260 | # | # | |a Dordrecht ; |a Boston : |b Kluwer Academic, |c c1997. |
| 300 | # | # | |a xiv, 277 p. ; |c 21x30 cm. |
| 440 | # | # | |a Applied optimization ; |v v. 6 |
| 504 | # | # | |a Includes bibliographical references (p. 253-274) and index. |
| 650 | # | # | |a Interior-point methods. |
| 650 | # | # | |a Linear programming. |
| 650 | # | # | |a Mathematical optimization. |
| 856 | # | # | |3 Table of contents only |u http://www.loc.gov/catdir/enhancements/fy0822/97001924-t.html |
| 856 | # | # | |3 Publisher description |u http://www.loc.gov/catdir/enhancements/fy0822/97001924-d.html |
| 923 | # | # | |a 01/2011CT |
| 991 | # | # | |a GT |
| 992 | # | # | |a 0 |
| 994 | # | # | |a KCT |
| 900 | # | # | |a True |
| 911 | # | # | |a Đào Thị Thu Huyền |
| 925 | # | # | |a G |
| 926 | # | # | |a A |
| 927 | # | # | |a SH |
| 980 | # | # | |a Thư viện Trường Đại học Đà Lạt |


